[Event "zonal 1.3"]
[Site "Reykjavik ISL"]
[Date "1995.03.??"]
[Round "3"]
[White "Ernst, Thomas"]
[Black "Sammalvuo, Tapani"]
[Result "1-0"]
[WhiteElo "2465"]
[BlackElo "2390"]
[EventDate "1995.03.21"]
[PlyCount "85"]

1.e4 e5 2.Nf3 Nc6 3.Bc4 Nf6 4.Ng5 d5 5.exd5 Na5 6.Bb5+ c6 7.dxc6 bxc6 8.
Be2 h6 9.Nh3 Bc5 10.d3 Bxh3 11.gxh3 Qd4 12.O-O Qh4 13.Bf3 Qxh3 14.Bg2 Qe6 
15.Qf3 Nd5 16.Bd2 Nb7 17.Nc3 Ne7 18.Bh3 f5 19.Qh5+ Qf7 20.Qe2 Bd4 21.Na4 
Qf6 22.c3 Bb6 23.Nxb6 axb6 24.Rfe1 Nc5 25.b4 Nd7 26.f4 exf4 27.Bxf4 Kf7 
28.Bg2 Rhe8 29.b5 Nd5 30.Qh5+ g6 31.Qxh6 Rxe1+ 32.Rxe1 Rh8 33.bxc6 Rxh6 
34.Bxd5+ Kg7 35.cxd7 Qh4 36.Bxh6+ Kxh6 37.Re8 Qg5+ 38.Bg2 Qc1+ 39.Bf1 Qg5+
40.Kf2 Qd2+ 41.Be2 Qf4+ 42.Kg2 Qg5+ 43.Kh3 1-0

[Event "zonal 1.3"]
[Site "Reykjavik ISL"]
[Date "1995.03.??"]
[Round "3"]
[White "Torhallsson, Trostur"]
[Black "Manninen, Marko"]
[Result "0-1"]
[WhiteElo "2420"]
[BlackElo "2365"]
[EventDate "1995.03.21"]
[PlyCount "93"]

1.e4 e6 2.d4 d5 3.Nc3 Nf6 4.Bg5 dxe4 5.Nxe4 Nbd7 6.Nf3 h6 7.Nxf6+ Nxf6 8.
Bh4 c5 9.Bb5+ Bd7 10.Bxd7+ Qxd7 11.O-O cxd4 12.Nxd4 Bc5 13.Nb3 Qxd1 14.
Rfxd1 Be7 15.Na5 Ne4 16.Bxe7 Kxe7 17.Rd4 Nd6 18.Rad1 Rhd8 19.Rb4 Nc4 20.
Rxb7+ Kf6 21.Rxd8 Rxd8 22.Kf1 Nxa5 23.Rxa7 Nc6 24.Rc7 Nb4 25.a3 Nd5 26.Rc4
Ke5 27.g3 f5 28.Ke2 Kd6 29.a4 Ra8 30.b3 e5 31.Kd2 g5 32.h4 g4 33.Ke2 h5 
34.Kd2 f4 35.Ke2 Rb8 36.Kd2 Ra8 37.Ke2 fxg3 38.fxg3 e4 39.a5 Rxa5 40.Rc8 
Rc5 41.Rxc5 Kxc5 42.c4 Ne7 43.Ke3 Nf5+ 44.Kxe4 Nxg3+ 45.Kf4 Ne2+ 46.Ke3 
Nd4 47.b4+ 0-1

[Event "zonal 1.3"]
[Site "Reykjavik ISL"]
[Date "1995.03.??"]
[Round "4"]
[White "Hansen, Curt"]
[Black "Cramling, Pia"]
[Result "1/2-1/2"]
[WhiteElo "2630"]
[BlackElo "2520"]
[EventDate "1995.03.21"]
[PlyCount "61"]

1.d4 Nf6 2.Nf3 g6 3.c4 Bg7 4.g3 O-O 5.Bg2 d6 6.O-O c6 7.Nc3 Qa5 8.e4 Bg4 
9.h3 Bxf3 10.Bxf3 Nfd7 11.Be3 Qb4 12.Qd3 Qxb2 13.Rab1 Qa3 14.Rxb7 Nb6 15.
Rb1 Qa6 16.Rc7 Nxc4 17.Be2 Qa5 18.Rxe7 Nxe3 19.Qxe3 c5 20.Bc4 Nc6 21.Rxf7 
Rxf7 22.Nb5 Kh8 23.Bxf7 Rb8 24.e5 dxe5 25.Qe4 Rxb5 26.Rxb5 Qxb5 27.Be8 Qa4
28.Bxc6 Qxd4 29.Qb1 Qd8 30.Qb3 Bf6 31.Be4 1/2-1/2

[Event "zonal 1.3"]
[Site "Reykjavik ISL"]
[Date "1995.03.??"]
[Round "4"]
[White "Djurhuus, Rune"]
[Black "Hansen, Lars Bo"]
[Result "1/2-1/2"]
[WhiteElo "2495"]
[BlackElo "2580"]
[EventDate "1995.03.21"]
[PlyCount "67"]

1.d4 d5 2.c4 c6 3.Nf3 Nf6 4.Nc3 e6 5.e3 Nbd7 6.Qc2 b6 7.Bd3 Bb7 8.O-O Be7 
9.b3 O-O 10.Bb2 c5 11.Ne5 cxd4 12.exd4 g6 13.Rfe1 dxc4 14.Bxc4 Rc8 15.Qe2 
Bb4 16.Rac1 Nh5 17.Nxd7 Qxd7 18.d5 Nf4 19.Qe5 Qc7 20.Qf6 Nh5 21.Qd4 Bc5 
22.Qd2 Rfd8 23.Rcd1 a6 24.a4 Qf4 25.Qxf4 Nxf4 26.dxe6 Nxe6 27.Nd5 Bxd5 28.
Bxd5 Kf8 29.Kf1 Bxf2 30.Ba3+ Bc5 31.Bxe6 Rxd1 32.Bxc8 Rxe1+ 33.Kxe1 Bxa3 
34.Bxa6 1/2-1/2

[Event "zonal 1.3"]
[Site "Reykjavik ISL"]
[Date "1995.03.??"]
[Round "4"]
[White "Ernst, Thomas"]
[Black "Agdestein, Simen"]
[Result "0-1"]
[WhiteElo "2465"]
[BlackElo "2600"]
[EventDate "1995.03.21"]
[PlyCount "80"]

1.e4 Nf6 2.e5 Nd5 3.d4 d6 4.Nf3 dxe5 5.Nxe5 g6 6.Bc4 c6 7.Nd2 Bg7 8.Ndf3 
O-O 9.O-O Nd7 10.Nd3 N7b6 11.Bb3 a5 12.a3 Bf5 13.Re1 Bxd3 14.Qxd3 Qc7 15.
g3 Rfe8 16.c4 Nf6 17.Bf4 Qc8 18.Rad1 c5 19.d5 e6 20.Ba2 a4 21.Qc2 exd5 22.
Rxe8+ Qxe8 23.cxd5 c4 24.d6 Nfd5 25.Bg5 Qc6 26.Nd2 c3 27.Nb1 h6 28.Be7 
cxb2 29.Qe4 Ra5 30.Bd8 Rc5 31.Bxb6 Rc1 32.Rf1 Nxb6 33.Qxg6 Nc4 34.Qd3 Nxd6
35.Nd2 b5 36.Bb1 Kf8 37.Qe3 Nc4 38.Qd3 Qd6 39.Qe4 Nxd2 40.Qa8+ Ke7 0-1

[Event "zonal 1.3"]
[Site "Reykjavik ISL"]
[Date "1995.03.??"]
[Round "4"]
[White "Hjartarson, Johann"]
[Black "Tisdall, Jonathan"]
[Result "1/2-1/2"]
[WhiteElo "2590"]
[BlackElo "2470"]
[EventDate "1995.03.21"]
[PlyCount "135"]

1.c4 c6 2.e4 d5 3.exd5 cxd5 4.cxd5 Nf6 5.Nc3 Nxd5 6.Nf3 e6 7.d4 Be7 8.Bc4 
Nc6 9.O-O a6 10.Re1 O-O 11.Bb3 b5 12.Ne4 Bb7 13.a3 Rc8 14.Ba2 Nf6 15.Nc5 
Bxc5 16.dxc5 Qxd1 17.Rxd1 Ne7 18.b4 Bxf3 19.gxf3 Nfd5 20.Bg5 f6 21.Bd2 
Rfd8 22.Re1 Kf7 23.Re4 f5 24.Ree1 h6 25.Rad1 Nc6 26.Bc1 Ra8 27.Bb2 a5 28.
bxa5 Rxa5 29.Bb3 Raa8 30.Rd3 Na5 31.Be5 Nc4 32.Bxc4 bxc4 33.Rd4 c3 34.Rb1 
c2 35.Rc1 Rxa3 36.Rxc2 Rc8 37.f4 g5 38.fxg5 hxg5 39.c6 Ra1+ 40.Kg2 Re1 41.
Bd6 Ra1 42.c7 Ke8 43.Re2 Kd7 44.Be5 Rc1 45.h4 gxh4 46.Rxh4 Nxc7 47.Rh7+ 
Kc6 48.Re7 Rc5 49.Bxc7 Rxc7 50.R7xe6+ Kd7 51.Rf6 Rc2 52.Re5 R2c5 53.Rfxf5 
Rxe5 54.Rxe5 Kd6 55.Re4 Rf7 56.Kg3 Rf6 57.f3 Rf8 58.f4 Rg8+ 59.Kh4 Kd5 60.
Re5+ Kd6 61.Re1 Rh8+ 62.Kg4 Rg8+ 63.Kf3 Rf8 64.Re5 Kd7 65.Kg4 Kd6 66.Re4 
Kd5 67.Re7 Kd6 68.Re5 1/2-1/2

[Event "zonal 1.3"]
[Site "Reykjavik ISL"]
[Date "1995.03.??"]
[Round "4"]
[White "Hector, Jonny"]
[Black "Mortensen, Erling"]
[Result "1-0"]
[WhiteElo "2540"]
[BlackElo "2500"]
[EventDate "1995.03.21"]
[PlyCount "49"]

1.e4 c5 2.Nf3 Nc6 3.d4 cxd4 4.Nxd4 Qc7 5.Nc3 e6 6.Be3 a6 7.Bd3 b5 8.O-O 
Bb7 9.Nb3 Ne5 10.f4 Nc4 11.Bd4 d6 12.Qe2 e5 13.Nd5 Bxd5 14.exd5 Be7 15.
fxe5 dxe5 16.Bxc4 exd4 17.d6 Qxc4 18.Qf3 Rb8 19.Rae1 Nf6 20.Rxe7+ Kf8 21.
Na5 Qc5 22.Qb3 Qh5 23.Nc6 Rc8 24.d7 Rd8 25.Re8+ 1-0

[Event "zonal 1.3"]
[Site "Reykjavik ISL"]
[Date "1995.03.??"]
[Round "4"]
[White "Stefansson, Hannes Hlifar"]
[Black "Gausel, Einar"]
[Result "1/2-1/2"]
[WhiteElo "2530"]
[BlackElo "2490"]
[EventDate "1995.03.21"]
[PlyCount "72"]

1.e4 e5 2.Nf3 Nc6 3.Bb5 a6 4.Ba4 Nf6 5.O-O b5 6.Bb3 Bc5 7.Nxe5 Nxe5 8.d4 
Bxd4 9.Qxd4 d6 10.c3 Bb7 11.f3 O-O 12.Rd1 Qe7 13.a4 h6 14.axb5 axb5 15.
Rxa8 Rxa8 16.Na3 Nc6 17.Qd2 Qe5 18.Qe1 Re8 19.Be3 b4 20.Nc2 bxc3 21.bxc3 
Ne7 22.Rb1 Ba8 23.Nd4 Ng6 24.Ba4 Rf8 25.Rb5 c5 26.Ra5 Nxe4 27.Bc2 Nf6 28.
c4 Nd5 29.cxd5 cxd4 30.Bd2 Qxe1+ 31.Bxe1 Nf4 32.Bd2 Nxd5 33.Ra4 Nc3 34.Rb4
Re8 35.Bd3 Bc6 36.Rxd4 Ne2+ 1/2-1/2

[Event "zonal 1.3"]
[Site "Reykjavik ISL"]
[Date "1995.03.??"]
[Round "4"]
[White "Hansen, Sune Berg"]
[Black "Petursson, Margeir"]
[Result "1/2-1/2"]
[WhiteElo "2460"]
[BlackElo "2535"]
[EventDate "1995.03.21"]
[PlyCount "57"]

1.e4 c5 2.Nf3 d6 3.d4 cxd4 4.Nxd4 Nf6 5.Nc3 g6 6.Bc4 Bg7 7.O-O O-O 8.Bb3 
a6 9.Re1 b5 10.a4 b4 11.Nd5 Bb7 12.Bg5 e6 13.Nxf6+ Bxf6 14.Bxf6 Qxf6 15.
Qd2 a5 16.Nb5 Nc6 17.Nxd6 Rad8 18.Rad1 e5 19.Re3 Rxd6 20.Qxd6 Rd8 21.Red3 
Rxd6 22.Rxd6 Qg5 23.Rd7 Ba6 24.Rxf7 Kh8 25.h4 Qxh4 26.Rdd7 Qh6 27.Bd5 Qc1+
28.Kh2 Qh6+ 29.Kg1 1/2-1/2

[Event "zonal 1.3"]
[Site "Reykjavik ISL"]
[Date "1995.03.??"]
[Round "4"]
[White "Torhallsson, Trostur"]
[Black "Akesson, Ralf"]
[Result "1-0"]
[WhiteElo "2420"]
[BlackElo "2500"]
[EventDate "1995.03.21"]
[PlyCount "73"]

1.e4 c5 2.Nf3 e6 3.d4 cxd4 4.Nxd4 a6 5.Nc3 d6 6.Be3 Nf6 7.Qd2 Be7 8.f3 O-O
9.g4 Nc6 10.O-O-O Nxd4 11.Bxd4 Nd7 12.h4 b5 13.g5 b4 14.Ne2 Rb8 15.Ba7 Rb7
16.Be3 Qc7 17.Nd4 Nc5 18.Kb1 Na4 19.Nb3 a5 20.Ka1 Rd8 21.Nd4 d5 22.e5 Bd7 
23.h5 Nc3 24.Re1 a4 25.g6 f5 26.h6 hxg6 27.hxg7 Kf7 28.Bg5 a3 29.g8=Q+ 
Rxg8 30.Rh7+ Rg7 31.Rxg7+ Kxg7 32.Bf6+ Bxf6 33.exf6+ Kxf6 34.Qh6 axb2+ 35.
Kxb2 Rb8 36.Qh4+ Kf7 37.Qh7+ 1-0

[Event "zonal 1.3"]
[Site "Reykjavik ISL"]
[Date "1995.03.??"]
[Round "4"]
[White "Manninen, Marko"]
[Black "Olafsson, Helgi"]
[Result "1-0"]
[WhiteElo "2365"]
[BlackElo "2520"]
[EventDate "1995.03.21"]
[PlyCount "109"]

1.d4 Nf6 2.c4 e6 3.Nf3 c5 4.d5 exd5 5.cxd5 d6 6.Nc3 g6 7.h3 Bg7 8.e4 O-O 
9.Bd3 b5 10.Nxb5 Re8 11.O-O Nxe4 12.Re1 a6 13.Na3 Nf6 14.Rxe8+ Nxe8 15.Nc4
Bb7 16.Bc2 Nd7 17.Bd2 Ndf6 18.Ba5 Nc7 19.Ne3 Qe7 20.Bb3 Ne4 21.Qd3 Nb5 22.
Re1 f5 23.Nc2 Qf6 24.a4 Nd4 25.Ncxd4 cxd4 26.Bb6 a5 27.Bxd4 Qf7 28.Nd2 
Bxd5 29.Bxd5 Qxd5 30.Nxe4 Qxd4 31.Qb3+ Kh8 32.Ng5 h6 33.Qb7 Rg8 34.Nf7+ 
Kh7 35.b3 Rf8 36.Qe7 d5 37.Ne5 Qd2 38.Nf3 Qc2 39.Qb7 g5 40.Qxd5 g4 41.hxg4
fxg4 42.Nd2 Rf5 43.Qe4 Qxe4 44.Rxe4 Rd5 45.Nc4 h5 46.g3 Rd1+ 47.Kg2 Bc3 
48.Re3 Rc1 49.Rd3 Kg6 50.Rd6+ Kf5 51.Nxa5 Rb1 52.Rd5+ Kg6 53.Nc4 Rxb3 54.
Rd3 Kf5 55.Nd6+ 1-0

[Event "zonal 1.3"]
[Site "Reykjavik ISL"]
[Date "1995.03.??"]
[Round "4"]
[White "Sammalvuo, Tapani"]
[Black "Degerman, Lars"]
[Result "1-0"]
[WhiteElo "2390"]
[BlackElo "2490"]
[EventDate "1995.03.21"]
[PlyCount "89"]

1.e4 c5 2.Nf3 e6 3.d4 cxd4 4.Nxd4 Nf6 5.Nc3 d6 6.g4 h6 7.h4 Nc6 8.Rg1 h5 
9.gxh5 Nxh5 10.Bg5 Nf6 11.Be2 a6 12.Qd2 Nxd4 13.Qxd4 e5 14.Qa4+ Bd7 15.Qb3
b5 16.a4 Qa5 17.Bxf6 gxf6 18.Bg4 Bc6 19.Be6 Rh7 20.Bd5 Bxd5 21.Qxd5 Rc8 
22.Ra3 Qb6 23.axb5 axb5 24.Ra8 Rxa8 25.Qxa8+ Qd8 26.Qxd8+ Kxd8 27.Rg8 Ke8 
28.Nxb5 Rxh4 29.Nxd6+ Kd7 30.Rxf8 Kxd6 31.f3 Rh2 32.Kd1 Ke7 33.Rc8 f5 34.
exf5 Kf6 35.Rc7 Rf2 36.b4 Rxf3 37.b5 Rxf5 38.Ke2 Rh5 39.b6 Rh1 40.Rc3 Rh8 
41.Rc6+ Ke7 42.c4 Rh3 43.c5 Rb3 44.Rc7+ Ke6 45.b7 1-0

[Event "zonal 1.3"]
[Site "Reykjavik ISL"]
[Date "1995.03.??"]
[Round "5"]
[White "Petursson, Margeir"]
[Black "Hansen, Curt"]
[Result "0-1"]
[WhiteElo "2535"]
[BlackElo "2630"]
[EventDate "1995.03.21"]
[PlyCount "90"]

1.d4 Nf6 2.c4 e6 3.Nf3 b6 4.g3 Bb7 5.Bg2 Bb4+ 6.Bd2 Be7 7.Nc3 O-O 8.O-O d5
9.cxd5 Nxd5 10.Qc2 Nd7 11.Nxd5 Bxd5 12.e4 Bb7 13.Bc3 Re8 14.Rad1 a5 15.
Rfe1 Bb4 16.a3 Bxc3 17.Qxc3 h6 18.Nd2 Nf6 19.Nc4 Qe7 20.Ne5 Red8 21.Nc6 
Bxc6 22.Qxc6 Rab8 23.Re2 e5 24.d5 Rd6 25.Qc2 c6 26.dxc6 Rc8 27.Rc1 Qe6 28.
c7 Ne8 29.Re3 Rxc7 30.Rc3 Rcd7 31.Rc8 Kh7 32.Qe2 Nf6 33.R8c2 Rd4 34.h3 g6 
35.Rc6 R7d6 36.Qb5 Rxc6 37.Rxc6 Rd6 38.Rc7 Kg7 39.Bf1 Rd7 40.Rc6 Rd6 41.
Bc4 Qd7 42.Rxb6 Rd1+ 43.Kg2 Qd4 44.Be2 Nxe4 45.Kf3 Qxf2+ 0-1

[Event "zonal 1.3"]
[Site "Reykjavik ISL"]
[Date "1995.03.??"]
[Round "5"]
[White "Olafsson, Helgi"]
[Black "Hjartarson, Johann"]
[Result "1/2-1/2"]
[WhiteElo "2520"]
[BlackElo "2590"]
[EventDate "1995.03.21"]
[PlyCount "100"]

1.d4 Nf6 2.c4 e6 3.Nf3 b6 4.a3 Ba6 5.Qc2 Bb7 6.Nc3 c5 7.e4 cxd4 8.Nxd4 Nc6
9.Nxc6 Bxc6 10.Bf4 Nh5 11.Be3 Qb8 12.O-O-O Bd6 13.g3 Be5 14.Bd3 Qb7 15.
Rhe1 Nf6 16.f4 Bxc3 17.Qxc3 Rc8 18.b3 O-O 19.Bd4 Ne8 20.Kb2 f6 21.g4 d6 
22.e5 Bf3 23.Rd2 fxe5 24.fxe5 d5 25.Rf2 dxc4 26.Bxc4 Nc7 27.h3 Bd5 28.
Rxf8+ Rxf8 29.Be2 Bf3 30.Bd3 Nd5 31.Qc2 g5 32.Be3 Nxe3 33.Rxe3 Bd5 34.Be4 
Bxe4 35.Rxe4 Qd5 36.Qe2 Rf4 37.Rc4 Rxc4 38.bxc4 Qd4+ 39.Kb3 Kg7 40.Qb2 
Qd3+ 41.Qc3 Qd1+ 42.Qc2 Qf1 43.Qc3 h5 44.gxh5 Kh6 45.Qg3 Qd1+ 46.Kb4 Kxh5 
47.Qf2 Qb1+ 48.Ka4 Qd1+ 49.Kb4 Qb1+ 50.Ka4 Qd1+ 1/2-1/2

[Event "zonal 1.3"]
[Site "Reykjavik ISL"]
[Date "1995.03.??"]
[Round "5"]
[White "Hansen, Lars Bo"]
[Black "Stefansson, Hannes Hlifar"]
[Result "1/2-1/2"]
[WhiteElo "2580"]
[BlackElo "2530"]
[EventDate "1995.03.21"]
[PlyCount "139"]

1.d4 Nf6 2.c4 e6 3.Nf3 b6 4.g3 Ba6 5.Qa4 Bb7 6.Bg2 c5 7.dxc5 bxc5 8.Nc3 
Be7 9.O-O O-O 10.Rd1 Qb6 11.Qb3 Nc6 12.Bf4 Na5 13.Qxb6 axb6 14.b3 d5 15.
Ne5 Rfd8 16.Na4 Ra6 17.Nc3 h6 18.Nb5 Raa8 19.h3 Ne8 20.g4 Bf6 21.cxd5 exd5
22.Rac1 d4 23.Bxb7 Nxb7 24.Rc2 Nbd6 25.Nxd6 Nxd6 26.a4 Ne4 27.Nc4 Nc3 28.
Re1 Nd5 29.Bd2 Re8 30.e4 dxe3 31.Bxe3 Bd4 32.Kf1 Bxe3 33.fxe3 Re6 34.Rd2 
Nc3 35.Rd3 Ne4 36.Red1 Rae8 37.Rd8 b5 38.Rxe8+ Rxe8 39.axb5 Nc3 40.Rd6 
Nxb5 41.Rc6 Rd8 42.Rxc5 Nc3 43.Kg2 Rd1 44.Ne5 Ne4 45.Rc8+ Kh7 46.Nxf7 Rb1 
47.Rb8 Nd2 48.Kg3 Rf1 49.Ne5 Ne4+ 50.Kg2 Rf2+ 51.Kg1 Re2 52.h4 g5 53.Rb7+ 
Kg8 54.hxg5 Nxg5 55.Nc4 Nf3+ 56.Kf1 Ra2 57.e4 Nh2+ 58.Ke1 Nxg4 59.e5 Ra6 
60.Ke2 h5 61.Kf3 Rg6 62.Kf4 Nh6 63.Ne3 h4 64.Nf5 Nxf5 65.Kxf5 Rg3 66.Kf6 
Rf3+ 67.Ke6 h3 68.Rb4 Kf8 69.Rh4 Rxb3 70.Kf5 1/2-1/2

[Event "zonal 1.3"]
[Site "Reykjavik ISL"]
[Date "1995.03.??"]
[Round "5"]
[White "Cramling, Pia"]
[Black "Hector, Jonny"]
[Result "1/2-1/2"]
[WhiteElo "2520"]
[BlackElo "2540"]
[EventDate "1995.03.21"]
[PlyCount "24"]

1.d4 d5 2.c4 c6 3.Nf3 Nf6 4.cxd5 cxd5 5.Nc3 Nc6 6.Bf4 Bf5 7.e3 e6 8.Bd3 
Bxd3 9.Qxd3 Bd6 10.Bxd6 Qxd6 11.O-O O-O 12.Rac1 Rfc8 1/2-1/2

[Event "zonal 1.3"]
[Site "Reykjavik ISL"]
[Date "1995.03.??"]
[Round "5"]
[White "Mortensen, Erling"]
[Black "Djurhuus, Rune"]
[Result "0-1"]
[WhiteElo "2500"]
[BlackElo "2495"]
[EventDate "1995.03.21"]
[PlyCount "92"]

1.e4 c5 2.Nf3 d6 3.d4 cxd4 4.Nxd4 Nf6 5.Nc3 a6 6.f4 Qc7 7.Bd3 Nbd7 8.Nf3 
g6 9.O-O Bg7 10.a4 b6 11.Qe2 Bb7 12.Bd2 Nc5 13.b4 Nxd3 14.cxd3 O-O 15.Rac1
Qd8 16.Kh1 Rc8 17.Qf2 e6 18.h3 Nd7 19.Nd4 Qe7 20.Nde2 Rc6 21.b5 Rcc8 22.
Qe3 a5 23.d4 Rc4 24.e5 f6 25.Ne4 Rxc1 26.Rxc1 fxe5 27.dxe5 dxe5 28.Rc7 
exf4 29.Nxf4 Bxe4 30.Qxe4 Qd6 31.Qc2 Nc5 32.Rc6 Qd4 33.Qc1 Nb3 34.Nxe6 
Nxc1 35.Nxd4 Rf1+ 36.Kh2 Be5+ 37.g3 Rf2+ 38.Kg1 Rxd2 39.Nf3 Rd1+ 40.Kf2 
Bd6 41.Kg2 Bc5 42.Ng5 Rd2+ 43.Kf3 Rf2+ 44.Ke4 Ne2 45.Ne6 Nc3+ 46.Ke5 Rf5# 
0-1

[Event "zonal 1.3"]
[Site "Reykjavik ISL"]
[Date "1995.03.??"]
[Round "5"]
[White "Agdestein, Simen"]
[Black "Manninen, Marko"]
[Result "1-0"]
[WhiteElo "2600"]
[BlackElo "2365"]
[EventDate "1995.03.21"]
[PlyCount "45"]

1.d4 Nf6 2.c4 g6 3.Nc3 Bg7 4.e4 d6 5.Nge2 O-O 6.g3 Nc6 7.Bg2 Nd7 8.Bg5 h6 
9.Be3 e5 10.d5 Na5 11.b3 f5 12.exf5 gxf5 13.Rc1 Nf6 14.h3 c5 15.dxc6 bxc6 
16.Qd2 Kh7 17.Rd1 Ne8 18.f4 e4 19.g4 Qh4+ 20.Bf2 Qe7 21.gxf5 Bxf5 22.O-O 
Rg8 23.Ng3 1-0

[Event "zonal 1.3"]
[Site "Reykjavik ISL"]
[Date "1995.03.??"]
[Round "5"]
[White "Degerman, Lars"]
[Black "Ernst, Thomas"]
[Result "1/2-1/2"]
[WhiteElo "2490"]
[BlackElo "2465"]
[EventDate "1995.03.21"]
[PlyCount "56"]

1.Nf3 c5 2.c4 Nc6 3.Nc3 e5 4.e3 Nf6 5.d4 cxd4 6.exd4 e4 7.Ng5 Bb4 8.d5 Ne5
9.Bd2 Qe7 10.Be2 h6 11.d6 Qxd6 12.Ngxe4 Nxe4 13.Nxe4 Bxd2+ 14.Qxd2 Qxd2+ 
15.Kxd2 Ke7 16.Rad1 d6 17.Kc3 Rd8 18.Rd4 f5 19.Ng3 Be6 20.f4 Nc6 21.Rd2 
Rac8 22.Bf3 Ne5 23.fxe5 Rxc4+ 24.Kb3 Rc6+ 25.Ka3 Ra6+ 26.Kb4 Rb6+ 27.Ka3 
Ra6+ 28.Kb4 Rb6+ 1/2-1/2

[Event "zonal 1.3"]
[Site "Reykjavik ISL"]
[Date "1995.03.??"]
[Round "5"]
[White "Tisdall, Jonathan"]
[Black "Hansen, Sune Berg"]
[Result "1/2-1/2"]
[WhiteElo "2470"]
[BlackElo "2460"]
[EventDate "1995.03.21"]
[PlyCount "33"]

1.d4 Nf6 2.c4 e6 3.Nc3 Bb4 4.e3 O-O 5.Bd3 d5 6.Ne2 c5 7.cxd5 cxd4 8.exd4 
Nxd5 9.O-O Nc6 10.Bc2 Bd6 11.Ne4 Be7 12.a3 e5 13.dxe5 Nxe5 14.Qd4 Ng6 15.
Rd1 Be6 16.N2c3 Nb6 17.Qxd8 1/2-1/2

[Event "zonal 1.3"]
[Site "Reykjavik ISL"]
[Date "1995.03.??"]
[Round "5"]
[White "Gausel, Einar"]
[Black "Torhallsson, Trostur"]
[Result "1-0"]
[WhiteElo "2490"]
[BlackElo "2420"]
[EventDate "1995.03.21"]
[PlyCount "93"]

1.c4 Nf6 2.Nf3 e6 3.g3 d5 4.b3 Be7 5.Bg2 c5 6.O-O O-O 7.Bb2 Nc6 8.cxd5 
Nxd5 9.Nc3 b6 10.d4 Nxc3 11.Bxc3 Bb7 12.dxc5 Bxc5 13.Qc2 Qe7 14.Rad1 Rfd8 
15.h4 f6 16.h5 Nb4 17.Bxb4 Bxb4 18.Nh4 Rac8 19.Rxd8+ Qxd8 20.Rd1 Qe8 21.
Qd3 Bxg2 22.Nxg2 Bf8 23.Qe4 Rc6 24.Nf4 Qc8 25.Kg2 e5 26.Nd5 Qe8 27.Ne3 Rc8
28.Nf5 Qc6 29.Rd5 Kh8 30.Kh2 Re8 31.f3 Rc8 32.Kh3 Qc1 33.Nh4 Qg5 34.Qf5 
Qxf5+ 35.Nxf5 Rc2 36.e4 Rxa2 37.Rd7 Kg8 38.Kg4 Rb2 39.h6 gxh6 40.Ne3 Rxb3 
41.Nd5 h5+ 42.Kf5 Bg7 43.Ke6 h6 44.Ne7+ Kh8 45.Nf5 Bf8 46.Kf7 Bc5 47.Kg6 
1-0

[Event "zonal 1.3"]
[Site "Reykjavik ISL"]
[Date "1995.03.??"]
[Round "5"]
[White "Akesson, Ralf"]
[Black "Sammalvuo, Tapani"]
[Result "0-1"]
[WhiteElo "2500"]
[BlackElo "2390"]
[EventDate "1995.03.21"]
[PlyCount "62"]

1.Nf3 d5 2.d4 Nf6 3.c4 c6 4.Nc3 a6 5.Bg5 Ne4 6.Bh4 Nxc3 7.bxc3 dxc4 8.e4 
b5 9.Ne5 g6 10.Be2 Bg7 11.Bg3 O-O 12.h4 c5 13.d5 e6 14.dxe6 Bxe6 15.Qc1 
Qf6 16.O-O Nd7 17.Nc6 Qxc3 18.Qf4 Rfe8 19.Bf3 Rac8 20.e5 Bf5 21.Rae1 Qa3 
22.h5 Re6 23.h6 Bf8 24.Rd1 Rexc6 25.Bxc6 Rxc6 26.e6 Bxe6 27.Rfe1 Qa4 28.
Qf3 b4 29.Bf4 Rc8 30.Bd6 Bxh6 31.Be7 Qc6 0-1

[Event "zonal 1.3"]
[Site "Reykjavik ISL"]
[Date "1995.03.??"]
[Round "6"]
[White "Hansen, Curt"]
[Black "Hansen, Sune Berg"]
[Result "1-0"]
[WhiteElo "2630"]
[BlackElo "2460"]
[EventDate "1995.03.21"]
[PlyCount "53"]

1.c4 e6 2.Nc3 d5 3.d4 c6 4.Nf3 Nf6 5.Bg5 dxc4 6.a4 Bb4 7.e4 b5 8.e5 h6 9.
exf6 hxg5 10.fxg7 Rg8 11.h4 gxh4 12.Rxh4 Qf6 13.g3 Nd7 14.Bg2 Bb7 15.Kf1 
Bxc3 16.bxc3 c5 17.axb5 Qxg7 18.dxc5 Nxc5 19.Rxc4 Rd8 20.Qe2 Nb3 21.Rd1 
Qf6 22.Rc7 Be4 23.b6 axb6 24.Qb5+ Kf8 25.Qxb3 Rxg3 26.Rxd8+ Qxd8 27.Qb4+ 
1-0

[Event "zonal 1.3"]
[Site "Reykjavik ISL"]
[Date "1995.03.??"]
[Round "6"]
[White "Gausel, Einar"]
[Black "Agdestein, Simen"]
[Result "1/2-1/2"]
[WhiteElo "2490"]
[BlackElo "2600"]
[EventDate "1995.03.21"]
[PlyCount "50"]

1.d4 Nf6 2.Nf3 g6 3.Bg5 Ne4 4.Bh4 Bg7 5.e3 O-O 6.Nbd2 Nxd2 7.Qxd2 d6 8.e4 
c5 9.dxc5 Bxb2 10.Rb1 Bg7 11.cxd6 Qxd6 12.Qxd6 exd6 13.Bc4 Nd7 14.O-O Re8 
15.Rfd1 Nb6 16.Bb3 Be6 17.Rxd6 Bxb3 18.cxb3 Rxe4 19.Rbd1 Rae8 20.Rd8 h6 
21.Kf1 f5 22.Rxe8+ Rxe8 23.Bd8 Kf7 24.h4 Re6 25.Bxb6 Rxb6 1/2-1/2

[Event "zonal 1.3"]
[Site "Reykjavik ISL"]
[Date "1995.03.??"]
[Round "6"]
[White "Hector, Jonny"]
[Black "Petursson, Margeir"]
[Result "0-1"]
[WhiteElo "2540"]
[BlackElo "2535"]
[EventDate "1995.03.21"]
[PlyCount "130"]

1.e4 c5 2.Nf3 d6 3.d4 cxd4 4.Nxd4 Nf6 5.Nc3 Nc6 6.Be3 Ng4 7.Bb5 Nxe3 8.
fxe3 Bd7 9.O-O e6 10.Bxc6 bxc6 11.Qf3 Qf6 12.Qe2 Qg5 13.Rf3 Be7 14.Rg3 Qh6
15.Qa6 O-O 16.Qb7 Rfd8 17.Rf1 Bf6 18.Nxc6 Bxc6 19.Qxc6 Be5 20.Rh3 Qg6 21.
Ne2 Rac8 22.Qa4 d5 23.exd5 Rxc2 24.Rf2 Qd3 25.Qxa7 Bf6 26.Ng3 Rxf2 27.Kxf2
Qxd5 28.Ne2 Bxb2 29.Rf3 Bf6 30.Nf4 Qd2+ 31.Kg1 h6 32.Rf2 Qb4 33.Rf1 Be7 
34.Qc7 Qc5 35.Qxc5 Bxc5 36.Kf2 Rd2+ 37.Kf3 Rxa2 38.Rc1 Ra5 39.Nd3 Bd6 40.
Rc8+ Kh7 41.h3 g5 42.Rd8 Rf5+ 43.Ke2 Bg3 44.e4 Ra5 45.Kf3 Be5 46.Nxe5 Rxe5
47.g3 Ra5 48.h4 gxh4 49.gxh4 Kg6 50.Rg8+ Kf6 51.Rh8 Ke5 52.Rh7 Ra1 53.Kg2 
Ra2+ 54.Kg3 Ra3+ 55.Kf2 f6 56.Rxh6 Rh3 57.h5 Rh4 58.Rh8 Rxe4 59.Kg3 Re1 
60.Kg2 Ra1 61.h6 Ra7 62.Kf3 Kf5 63.h7 e5 64.Ke3 Kg6 65.Ke4 Rxh7 0-1

[Event "zonal 1.3"]
[Site "Reykjavik ISL"]
[Date "1995.03.??"]
[Round "6"]
[White "Tisdall, Jonathan"]
[Black "Hansen, Lars Bo"]
[Result "1/2-1/2"]
[WhiteElo "2470"]
[BlackElo "2580"]
[EventDate "1995.03.21"]
[PlyCount "189"]

1.d4 e6 2.c4 f5 3.Nc3 Nf6 4.Qc2 Bb4 5.Bd2 b6 6.e3 Bb7 7.f3 O-O 8.Bd3 c5 9.
Nge2 Nc6 10.a3 Ba5 11.O-O Qe7 12.Rae1 Rac8 13.dxc5 bxc5 14.e4 fxe4 15.Nxe4
Bxd2 16.Qxd2 Rb8 17.Qe3 Nxe4 18.Bxe4 Na5 19.Bc2 Nxc4 20.Qd3 Qh4 21.g3 Nxb2
22.Qxd7 Qc4 23.Nf4 Qxc2 24.Nxe6 Rf7 25.Qd6 Re8 26.Nd8 Rff8 27.Rxe8 Rxe8 
28.Nxb7 Qb3 29.Nxc5 Qxa3 30.Qd5+ Kh8 31.Rf2 Nd1 32.Re2 Rg8 33.Qd4 Nc3 34.
Rc2 Nb5 35.Qe4 Qa1+ 36.Kg2 Qd4 37.Qb7 Nd6 38.Qd7 Qe5 39.Nd3 Qd4 40.Nf4 Qe5
41.Qxa7 Nf5 42.Re2 Qd6 43.Qf7 Nh6 44.Qe7 Qc6 45.Ne6 Qe8 46.Qg5 Nf7 47.Qd5 
Qa8 48.Qh5 Qb7 49.Nf4 Nh6 50.Re6 Qb2+ 51.Kh3 Qa1 52.Kg2 Rb8 53.Re8+ Rxe8 
54.Qxe8+ Ng8 55.h4 Qb2+ 56.Ne2 Qf6 57.Qb8 Qe6 58.Nf4 Qf5 59.h5 Qc2+ 60.Kh3
Qc3 61.Qf8 Qf6 62.Qc8 Qe5 63.Qf8 Qf6 64.Qb4 Qe7 65.Qe4 Qd8 66.g4 Nf6 67.
Qb7 Qd7 68.Qb8+ Qe8 69.Qd6 Qe3 70.Qf8+ Ng8 71.Ng2 Qe5 72.Nf4 Qe3 73.Ng2 
Qe5 74.Nh4 Qd5 75.Qb8 Qd1 76.Qe5 Qh1+ 77.Kg3 Qg1+ 78.Ng2 h6 79.Qe3 Qxe3 
80.Nxe3 Nf6 81.Kf4 Kg8 82.Ke5 Kf7 83.Nd5 Nd7+ 84.Kd6 Nf8 85.f4 g6 86.Ke5 
gxh5 87.gxh5 Ne6 88.f5 Ng7 89.Nf4 Ne8 90.Ne2 Nf6 91.Ng3 Ng4+ 92.Kf4 Nf6 
93.Kf3 Ke7 94.Ne4 Nxh5 95.Kg4 1/2-1/2

[Event "zonal 1.3"]
[Site "Reykjavik ISL"]
[Date "1995.03.??"]
[Round "6"]
[White "Stefansson, Hannes Hlifar"]
[Black "Olafsson, Helgi"]
[Result "1/2-1/2"]
[WhiteElo "2530"]
[BlackElo "2520"]
[EventDate "1995.03.21"]
[PlyCount "119"]

1.c4 Nf6 2.Nc3 e5 3.Nf3 Nc6 4.g3 Bc5 5.Bg2 d6 6.O-O O-O 7.d3 a6 8.a3 Nd4 
9.b4 Nxf3+ 10.Bxf3 Bd4 11.Bb2 c6 12.e3 Ba7 13.d4 exd4 14.exd4 d5 15.cxd5 
Nxd5 16.Qd2 Nb6 17.d5 Bh3 18.Rfb1 Nc4 19.Qf4 b5 20.Ne2 g5 21.Qc1 cxd5 22.
Bc3 d4 23.Bxd4 Bxd4 24.Nxd4 Qxd4 25.Qxg5+ Kh8 26.Bxa8 Rxa8 27.Rd1 Qb6 28.
Qh4 Qe6 29.Rd8+ Rxd8 30.Qxd8+ Kg7 31.Qg5+ Qg6 32.Qxg6+ hxg6 33.a4 Nd2 34.
f4 Nb3 35.Ra3 Be6 36.axb5 axb5 37.Kf2 Nd4 38.Ra1 Kf6 39.Rd1 Nc2 40.Rb1 Kf5
41.Rb2 Na3 42.Re2 Bc4 43.Re5+ Kf6 44.Re1 Nc2 45.Rb1 Kf5 46.Rb2 Bd3 47.Kf3 
Be4+ 48.Kf2 Kg4 49.Rb3 Kh3 50.Rc3 Nxb4 51.Rc8 Nd3+ 52.Ke3 f5 53.Rg8 Kg2 
54.Rxg6 Nf2 55.h4 b4 56.Kd4 b3 57.h5 b2 58.Rb6 Ng4 59.Rxb2+ Kxg3 60.Rb6 
1/2-1/2

[Event "zonal 1.3"]
[Site "Reykjavik ISL"]
[Date "1995.03.??"]
[Round "6"]
[White "Djurhuus, Rune"]
[Black "Cramling, Pia"]
[Result "0-1"]
[WhiteElo "2495"]
[BlackElo "2520"]
[EventDate "1995.03.21"]
[PlyCount "98"]

1.d4 Nf6 2.c4 g6 3.Nc3 Bg7 4.e4 d6 5.Bd3 O-O 6.Nge2 c5 7.d5 e6 8.h3 exd5 
9.exd5 Nfd7 10.b3 Re8 11.Bd2 Na6 12.Rc1 Qh4 13.O-O Ne5 14.Bb1 Bxh3 15.gxh3
Qxh3 16.Be4 Nb4 17.Bg2 Qh5 18.Nf4 Qh4 19.Nh3 h6 20.a3 Nbd3 21.Rc2 g5 22.
Ne4 f5 23.Nxd6 Rf8 24.Rc3 f4 25.f3 g4 26.fxg4 f3 27.Rxd3 Nxd3 28.Rxf3 Bd4+
29.Be3 Rxf3 30.Bxd4 Rxh3 31.Nf5 Qe1+ 32.Qxe1 Nxe1 33.Bxh3 Nf3+ 34.Kf2 Nxd4
35.Nxh6+ Kg7 36.Nf5+ Nxf5 37.gxf5 Kf6 38.Ke3 Ke5 39.f6 Rf8 40.b4 b6 41.
bxc5 bxc5 42.Bd7 Rxf6 43.a4 Rg6 44.Bb5 a6 45.Be8 Rg8 46.Bd7 Rg3+ 47.Kd2 
Kd4 48.Be6 Rg2+ 49.Ke1 Rg6 0-1